|
|
|
|
| LEADER |
00000nam0a2200000 4500 |
| 001 |
110666 |
| 005 |
20231101214940.0 |
| 035 |
|
|
|a (RuTPU)RU\TPU\book\119512
|
| 090 |
|
|
|a 110666
|
| 100 |
|
|
|a 20070228d1970 k y0rusy50 ca
|
| 101 |
0 |
|
|a rus
|
| 102 |
|
|
|a RU
|
| 105 |
|
|
|a a z 001zy
|
| 200 |
1 |
|
|a Цеолиты, их свойства и условия образования в природе
|f Э. Э. Сендеров, Н. И. Хитаров
|
| 210 |
|
|
|a Москва
|c Наука
|d 1970
|
| 215 |
|
|
|a 283 с.
|c ил.
|
| 320 |
|
|
|a Библиогр.: с. 253-272.
|
| 320 |
|
|
|a Предметный указатель: с. 273-277.
|
| 606 |
1 |
|
|a Цеолиты
|x Минералогия
|2 stltpush
|3 (RuTPU)RU\TPU\subj\72331
|9 85892
|
| 610 |
1 |
|
|a синтез
|
| 610 |
1 |
|
|a образование
|
| 610 |
1 |
|
|a кристаллохимическое строение
|
| 610 |
1 |
|
|a минералогия
|
| 610 |
1 |
|
|a месторождения
|
| 610 |
1 |
|
|a кристаллизация
|
| 610 |
1 |
|
|a условия
|
| 675 |
|
|
|a 549.67
|v 3
|
| 700 |
|
1 |
|a Сендеров
|b Э. Э.
|g Эрнест Эрнестович
|
| 701 |
|
1 |
|a Хитаров
|b Н. И.
|g Николай Иванович
|
| 801 |
|
1 |
|a RU
|b 63413507
|c 20070228
|g PSBO
|
| 801 |
|
2 |
|a RU
|b 63413507
|c 20160224
|g PSBO
|
| 942 |
|
|
|c BK
|